000 00838nab a2200253 u 4500
001 20956
003 HDC
007 cr bn ---aaaaa
008 210307b2014mmddmy d||ne||||| 00| 0 may d
040 _aHDC
245 0 _aPeluang PKS tembusi pasaran luar
_c/ Utusan Malaysia
260 _aMalaysia:
_bMedia Mulia,
_c2014
300 _a1 online resource (page 18)
336 _atext
_2rdacontent
337 _acomputer
_2rdamedia
338 _aonline resource
_2rdacarrier
650 _aBusiness enterprise
_zFinance
_918731
650 _aSmall business
_zFinance
_914458
710 _aUtusan Malaysia
856 _zRequest full-text at [email protected]
942 _2lcc
942 _cNEWS
942 _kNWSC 002658
999 _c18272
_d18272